Operationalizing Inclusive Growth : Per-Percentile Diagnostics to Inform Redistribution Policies /

Inclusive growth, narrowly defined in this paper as growth that helps reduce inequality, is achieved if consumption of the poor increases faster than consumption of the rich. The paper presents a simple accounting framework for a per-percentile consumption diagnostics that could inform redistributio...

Ful tanımlama

Detaylı Bibliyografya
Yazar: Kireyev, Alexei
Diğer Yazarlar: Leonidov, Andrei
Materyal Türü: Dergi
Dil:English
Baskı/Yayın Bilgisi: Washington, D.C. : International Monetary Fund, 2020.
Seri Bilgileri:IMF Working Papers; Working Paper ; No. 2020/050
Online Erişim:Full text available on IMF
LEADER 01513cas a2200253 a 4500
001 AALejournalIMF016199
008 230101c9999 xx r poo 0 0eng d
020 |c 5.00 USD 
020 |z 9781513528397 
022 |a 1018-5941 
040 |a BD-DhAAL  |c BD-DhAAL 
100 1 |a Kireyev, Alexei. 
245 1 0 |a Operationalizing Inclusive Growth :   |b Per-Percentile Diagnostics to Inform Redistribution Policies /  |c Alexei Kireyev, Andrei Leonidov. 
264 1 |a Washington, D.C. :  |b International Monetary Fund,  |c 2020. 
300 |a 1 online resource (25 pages) 
490 1 |a IMF Working Papers 
500 |a <strong>Off-Campus Access:</strong> No User ID or Password Required 
500 |a <strong>On-Campus Access:</strong> No User ID or Password Required 
506 |a Electronic access restricted to authorized BRAC University faculty, staff and students 
520 3 |a Inclusive growth, narrowly defined in this paper as growth that helps reduce inequality, is achieved if consumption of the poor increases faster than consumption of the rich. The paper presents a simple accounting framework for a per-percentile consumption diagnostics that could inform redistribution policies. The proposed framework is illustrated in application to Iraq and Tunisia. 
538 |a Mode of access: Internet 
700 1 |a Leonidov, Andrei. 
830 0 |a IMF Working Papers; Working Paper ;  |v No. 2020/050 
856 4 0 |z Full text available on IMF  |u http://elibrary.imf.org/view/journals/001/2020/050/001.2020.issue-050-en.xml  |z IMF e-Library